000 01872nam a22003257a 4500
999 _c22093
_d22093
003 AR-CdUCM
008 190425b ||||| |||| 00| 0 spa d
040 _aMUNICIPALIDAD PROVINCIAL DEL CUSCO
_cBIBLIOTECA MUNICIPAL DEL CUSCO
082 _aParlante/N°98/2008
110 _aCentro Guamán Poma de Ayala
_920511
245 _aParlante :
_bRevista del Cusco /
260 _aCusco :
_bCentro de Educación y Comunicación Guamán Poma de Ayala,
_c2008.
300 _a36 páginas. :
_bilustraciones ;
_c30 cm.
440 _aParlante revista del Cusco.
_nAño 23, N°98, diciembre 2008-enero-2009.
_947432
505 _aContenido: El poblador indígena sigue siendo ninguneado, entrevista al defensor del pueblo, Silvio Campana. Adriana Peralta. -- Evaluación de la gestión de las autoridades políticas. -- Las mejores y peores instituciones del 2008. -- La arquitectura de la mano de la arqueología. Mónica Paredes. -- Expo agua y ciudad la declaración del Cusco. -- La restauración de la casa Concha y la destinada tergiversación de su autenticidad. -- Roberto Samanez Argumedo. -- Valle sagrado de los incas, el clima, la naturaleza y el magnetismo como negocio. Adriana Peralta. -- Mitad de niños pre-escolares del valle del Cusco con parasitosis y desnutrición. -- agresión escolar y efectos de los video juegos.
650 _aActualidad y política
_947410
650 _aCentro Histórico Cusco
_946767
650 _aEducación, cultura y deportes
_947422
650 _aMedio ambiente
_947423
650 _aSalud
_98684
700 _aPeralta, Adriana
_947414
700 _aParedes, Mónica
_947433
700 _aSamanez Argumedo, Roberto
_95654
700 _aLaurent, Abel
_931760
700 _aNieto Degregori, Luis
_96534
700 _aParedes, Omar
_947418
710 _aCentro Guamán Poma de Ayala
_920511
942 _2ddc
_cPP
945 _avhl